000 00592cam a22002053a 4500
001 42314
003 PGUSA
005 20140828083944.0
008 130312s2013||||xxu|||||s|||||000 | eng d
040 _aPGUSA
_beng
042 _adc
245 1 0 _aMount Rainier :
_bA Record of Exploration
_h[electronic resource] /
_cVarious
260 _bProject Gutenberg,
_c2013
506 _aPublic domain in the USA.
516 _aElectronic text
700 1 _aMeany, Edmond S.
_q(Edmond Stephen)
830 0 _aProject Gutenberg
_v42314
856 4 0 _uhttp://www.gutenberg.org/ebooks/42314
942 _cEB
999 _c271566
_d271566